Vintage 2000 Poemsfrom national poetry contest and the Canadian youth poetry competition
Guardado en:
| Autor principal: | |
|---|---|
| Formato: | Libro |
| Lenguaje: | Undetermined |
| Publicado: |
Vancouver, Canada
Ronsdale Press
2000
|
| Materias: | |
| Etiquetas: |
Agregar Etiqueta
Sin Etiquetas, Sea el primero en etiquetar este registro!
|
| Thư viện lưu trữ: | Trung tâm Học liệu Trường Đại học Cần Thơ |
|---|
| LEADER | 00616nam a2200205Ia 4500 | ||
|---|---|---|---|
| 001 | CTU_51399 | ||
| 008 | 210402s9999 xx 000 0 und d | ||
| 082 | |a 811.5408 | ||
| 082 | |b V789 | ||
| 100 | |a The league of Canadian poets | ||
| 245 | 0 | |a Vintage 2000 | |
| 245 | 0 | |b Poemsfrom national poetry contest and the Canadian youth poetry competition | |
| 245 | 4 | |c The league of Canadian poets | |
| 260 | |a Vancouver, Canada | ||
| 260 | |b Ronsdale Press | ||
| 260 | |c 2000 | ||
| 650 | |a canadian poetry | ||
| 650 | |x collections | ||
| 650 | |y 20th century | ||
| 980 | |a Trung tâm Học liệu Trường Đại học Cần Thơ | ||